|
|
|
|
| LEADER |
00000nab a2200000 ar4500 |
| 001 |
vtls009464754 |
| 003 |
SK-MaSNL |
| 005 |
20260304171127.0 |
| 008 |
180228c2009 xo mr|p|||||||000 b|slo |
| 015 |
|
|
|a SNBRB2009/01
|2 snkbucl
|
| 040 |
|
|
|a SNKBUCL
|b slo
|c SNKBUCL
|e AACR2
|
| 041 |
0 |
|
|a slo
|
| 044 |
|
|
|a xo
|c SK
|
| 080 |
|
|
|a 323
|x (729.1)
|2 2001
|
| 080 |
|
|
|a 32-051
|2 2001
|
| 080 |
|
|
|a 342.511
|x (729.1)
|x (091)
|2 2001
|
| 080 |
|
|
|a 94(729.1)
|2 2001
|
| 100 |
1 |
|
|a Greguš, Peter,
|d 1946-
|4 aut
|9 104052
|
| 245 |
1 |
0 |
|a Revolúcia pokračuje
|b päť desaťročí s Fidelom
|c Peter Greguš
|
| 300 |
|
|
|b Fotogr.
|
| 600 |
1 |
7 |
|a Castro, Fidel,
|d 1926-2016
|2 snkbucl
|9 53996
|
| 610 |
1 |
7 |
|a Kuba.
|b Prezident (1976-2008 : Castro, F.)
|2 snkbucl
|9 53997
|
| 650 |
0 |
7 |
|a vnútorná politika
|2 snkbucl
|9 970
|
| 651 |
|
7 |
|a Kuba
|2 snkbucl
|9 17345
|
| 773 |
0 |
|
|t Extra plus
|g Roč. 9, január (2009), s. 30-31
|x 1336-0256
|
| 852 |
|
|
|a SNK
|b KIS3GCP
|
| 958 |
|
|
|a CU
|
| 999 |
|
|
|c 2991713
|d 2993643
|